गणिका कथा / (Record no. 118421)

MARC details
000 -LEADER
fixed length control field 00936nam a22002537a 4500
005 - DATE AND TIME OF LATEST TRANSACTION
control field 20170124103112.0
010 ## - LIBRARY OF CONGRESS CONTROL NUMBER
LC control number B-051038
020 ## - INTERNATIONAL STANDARD BOOK NUMBER
Terms of availability 300.00
International Standard Book Number 8177830090
035 ## - SYSTEM CONTROL NUMBER
System control number B-051038
037 ## - SOURCE OF ACQUISITION
Source of stock number/acquisition Cen Lib/Ret
040 ## - CATALOGING SOURCE
Original cataloging agency DPL
Language of cataloging HN
082 ## - DEWEY DECIMAL CLASSIFICATION NUMBER
Classification number 306.74
Item number गणिका
245 ## - TITLE STATEMENT
Title गणिका कथा /
Statement of responsibility, etc संपादन कमलेश्वर
246 ## - VARYING FORM OF TITLE
Title proper/short title Ganika katha /
Remainder of title sampadan Kamleshwar
260 ## - PUBLICATION, DISTRIBUTION, ETC. (IMPRINT)
Place of publication, distribution, etc नई दिल्ली
Name of publisher, distributor, etc प्रवीण प्रकाशन
Date of publication, distribution, etc 2001
270 ## - ADDRESS
City नई दिल्ली
Address 1/1079 ई, महरौली
Postal code 110030
300 ## - PHYSICAL DESCRIPTION
Extent xix,280पृ.
Dimensions 20सेमी(सजिल्द)
650 ## - SUBJECT ADDED ENTRY--TOPICAL TERM
Topical term or geographic name as entry element कथा साहित्य
9 (RLIN) 4735
650 ## - SUBJECT ADDED ENTRY--TOPICAL TERM
Topical term or geographic name as entry element कहानियाँ
9 (RLIN) 80070
650 ## - SUBJECT ADDED ENTRY--TOPICAL TERM
Topical term or geographic name as entry element Fiction
9 (RLIN) 8901
650 ## - SUBJECT ADDED ENTRY--TOPICAL TERM
Topical term or geographic name as entry element Stories
9 (RLIN) 7500
700 ## - ADDED ENTRY--PERSONAL NAME
Personal name कमलेश्वर
9 (RLIN) 80071
942 ## - ADDED ENTRY ELEMENTS (KOHA)
Source of classification or shelving scheme Dewey Decimal Classification
Koha item type Hindi Books
Classification part 306.74
Call number suffix गणिका
Holdings
Withdrawn status Lost status Damaged status Not for loan Home library Current library Date acquired Source of acquisition Cost, normal purchase price Total Checkouts Full call number Barcode Date last seen Copy number Cost, replacement price Price effective from Koha item type
        Central Library Central Library 11/09/2015 Cen Lib/Ret 300.00   306.74 गणिका B-051038 11/09/2015 1 300.00 11/09/2015 Hindi Books

© Delhi Public Library
Hit Counter
free hit counter